000 01236nam a2200325 i 4500
001 180180
003 ES-MaACL
005 20250902054238.0
008 120511s2011 sp |||| | spa d
020 _a978-84-615-0317-9
080 _a658.012.66(460)
080 _a658.012.66(64)
080 _a334.7(460:64 Tánger)
080 _a338.1(64 Tánger)
100 1 _aMella Márquez, José María.
_9149995
245 1 3 _aLa cooperación empresarial hispano-marroquí:
_bel caso de la región de Tánger /
_cJosé María Mella Márquez.
260 _aMadrid :
_bCasa Árabe-IEAM,
_c[2011]
300 _a174 p. ;
_c22 cm.
490 1 _aBiblioteca de Casa Árabe
504 _aBibliografía: p. 139-148.
650 7 _aCooperación empresarial-
_zEspaña
_2embne
_9149996
650 7 _aCooperación empresarial-
_zMarruecos.
_9149997
651 7 _aTánger-
_xSituación económica.
_9149998
651 4 _aMarruecos-
_xRelaciones-
_zEspaña.
_99034
710 2 _aCasa Árabe e Instituto Internacional de Estudios Árabes y del Mundo Musulmán.
_9148163
830 0 _aBiblioteca de Casa Árabe
_9191400
852 _aES-MaACL
_jA-12090
_9187090
_bR.147081
_cDEPO1
_dOlim: N-5095
942 _2udc
_cMONOGRAFIA
999 _c180180
_d180180